| 000 | 00429nam a22001457a 4500 | ||
|---|---|---|---|
| 005 | 20180810151116.0 | ||
| 020 |
_a0198265484 _c00.00 |
||
| 035 | _aA-410904, A-722177 | ||
| 037 |
_aDPL _bENG |
||
| 100 | _aMcLeod, W.H. | ||
| 245 |
_aWho is a Sikh : _bThe problem of Sikh identity / _cby W.H. McLeod |
||
| 260 |
_aDelhi _bClarendon Press - Oxford _c1989 |
||
| 300 |
_a140p. _c18 cms. |
||
| 942 |
_2ddc _cEN _h294.6 _mMCL |
||
| 999 |
_c64789 _d64789 |
||